00568nam a2200193Ia 4500008004100000041001200041082001200053100006500065245004900130260002800179300000800207365000700215520001400222546001200236630004900248650001400297655001400311730004900325101110s9999 xx 000 0 und d aENGLISH bSR33656 aRaghuraman K., Prabhu D.V., Vora D.N. Shetye S.S. and others aBasic principles in physical chemistry FYBSc c2008bSheth pub, Mumbai a231 b75 aChemistry aENGLISH aBasic principles in physical chemistry FYBSc aChemistry aChemistry aBasic principles in physical chemistry FYBSc